| 000 | 01778nam a2200385 c 4500 | ||
|---|---|---|---|
| 999 |
_c187301 _d187301 |
||
| 003 | BLK | ||
| 005 | 20250530123748.0 | ||
| 008 | 180411b bul|||||r ||||||| ||bul|| | ||
| 010 | _aKNG00196310000 | ||
| 040 | _aBLK | ||
| 041 |
_aBUL _cBUL |
||
| 080 |
_aОсманско владичество (14 - 19 век). България през периода на късния феодализъм _b94(497.2)"1396/1878" _x(093) _z94(497.2)"1396/1878"(093) |
||
| 080 |
_aПериод на кризата на феодализма, зараждане на капиталистически отношения. Възраждане на българския народ (II пол. на ХVIII в. - 1878 г.) _b94(497.2)"1750/1878" _x(093) _z94(497.2)"1750/1878"(093) |
||
| 080 |
_aБългарска литература _b821.163.2 _x-94 _z821.163.2-94 |
||
| 139 |
_aПътища и пътешественици _bП 98 |
||
| 245 | 1 | 0 |
_aПътища и пътешественици _bХІV - ХІХ век : Сборник _cподб. и ред. Светла Русева Гюрова. |
| 257 | _aBGR | ||
| 260 |
_bБълг. писател _c1982 _aСофия |
||
| 300 |
_a487 с. _c21 см |
||
| 380 | _a9 | ||
| 490 |
_aБиблиотека Български писатели _9458671 |
||
| 500 | _a6 113 тир. | ||
| 650 | 0 |
_aБългария - история - извори _9254752 |
|
| 700 | 1 |
_aГюрова, Светла Русева _eподб. и ред. _9364441 |
|
| 852 |
_aЦб 116974 _bЦб |
||
| 856 | 4 | _qpdf | |
| 856 | 4 | _qpdf | |
| 942 |
_cKNG _n0 _02 _s1 |
||
| 944 |
_aCR _c16.11.2016 _k30535 _lХристина Везирева |
||
| 944 |
_aED _c16.11.2016 _kПравда_Бадева |
||
| 944 |
_aED _c2022-04-20 _kВП |
||
| 999 | _d187301 | ||
| 999 | _d187301 | ||
| 999 | _d187301 | ||